Catalog

Record Details

Catalog Search



Available copies

  • 1 of 1 copy available at LARL/NWRL Consortium.

Current holds

0 current holds with 1 total copy.

Show All Copies
Location Call Number / Copy Notes Barcode Shelving Location Status Due Date
Roseau Public Library REI (Text) 35500003975677 Main Available -

Record details

  • ISBN: 9780743297646
  • ISBN: 0743297644
  • Physical Description: 342 p. ; 25 cm.
  • Publisher: New York : Simon & Schuster, c2007.
Subject: Terrorism > Fiction.
LDR 00670cam a22002058a 4500
00177029
003LARL_NWRL_CONSORTIUM
00520070112153009.0
008060926s2007 nyu 000 1 eng
010 . ‡a2006051228
020 . ‡a9780743297646
020 . ‡a0743297644
040 . ‡aDLC ‡cDLC ‡dDLC
08200. ‡a813/.6 ‡222
1001 . ‡aReiss, Bob. ‡0(LARL_NWRL_CONSORTIUM)52648
24510. ‡aBlack Monday : ‡ba novel / ‡cR. Scott Reiss.
260 . ‡aNew York : ‡bSimon & Schuster, ‡cc2007.
300 . ‡a342 p. ; ‡c25 cm.
650 0. ‡aTerrorism ‡vFiction. ‡0(LARL_NWRL_CONSORTIUM)167662
901 . ‡a77029 ‡bISxN ‡c77029 ‡tbiblio

Additional Resources